Guess the Taylor Swift Song by the Lyrics #22 - Statistics

General Stats
  • This quiz has been taken 82 times
  • The average score is 265 of 408
Answer Stats
LYRICS % Correct
I
99%
you
93%
you,
93%
You
93%
the
91%
The
91%
we
91%
We
91%
an
87%
when
87%
And
86%
and
86%
be
86%
it
86%
It
86%
me
86%
your
86%
for
84%
who
84%
Who
84%
on
83%
in
81%
to
81%
To
81%
go
80%
I'm
80%
know
80%
my
80%
So
77%
so
77%
that
77%
can
75%
don't
75%
hear
75%
were
75%
is
72%
It's
72%
it's
72%
not
72%
of
72%
this
72%
as
71%
could
71%
was
71%
If
70%
if
70%
too,
70%
ever
68%
I'll
68%
all
67%
But
67%
but
67%
with
67%
at
65%
now
65%
Now
65%
like
62%
by
59%
L.A.
59%
real
59%
stay
59%
Time
59%
down
58%
even
58%
Even
58%
good
58%
I've
58%
just
58%
there
58%
about
57%
heart
57%
would've
57%
ask
55%
wanted
55%
yours
55%
babe
54%
Babe
54%
call
54%
damn
54%
gone,
54%
looks
54%
only
54%
same
54%
always
52%
house
52%
how
52%
make
52%
out
52%
up
52%
weekend
52%
leave
51%
season,
51%
season
51%
​'Tis
51%
won't
51%
back
49%
right
49%
road
49%
tell
49%
While
49%
car
48%
friends
48%
parents'
48%
stayin'
48%
though
48%
asked
46%
day
46%
taken
46%
write
46%
own
43%
hanging
42%
known
42%
leads
42%
ours
42%
used
42%
okay
41%
There's
41%
around
39%
bad
39%
bed
39%
breakin'
39%
hometown
39%
school
39%
ache
38%
felt
38%
old
38%
put
38%
run,
38%
times'
38%
books
36%
leaving
36%
Sleep
36%
smile,
36%
so-called
36%
which
36%
kind
35%
remember
35%
wait
35%
warmest
35%
parked
33%
ride
33%
sake
33%
fakin'
32%
flies,
32%
Methodist
32%
missing
32%
passed
32%
watched
32%
far
30%
mud
30%
smiles
30%
soul
30%
tires
30%
truck
30%
wonder
30%
between
29%
cold,
29%
half
28%
linger
28%
perfume
28%
Who'll
28%
glass
26%
messy
26%
windshield
25%
escaped
23%
holidays
23%
fogs
20%
No matching quizzes found
Score Distribution
Percent of People with Each Score
Percentile by Number Answered
Your Score History
You have not taken this quiz